[Event "WchT 6th"]
[Site "Beersheba"]
[Date "2005.11.07"]
[Round "6.1"]
[White "Aronian, Levon"]
[Black "Svidler, Peter"]
[Result "1/2-1/2"]
[WhiteElo "2724"]
[BlackElo "2740"]
[Annotator "Krasenkow,M"]
[PlyCount "70"]
[EventDate "2005.11.01"]
[EventType "team-tourn"]
[EventRounds "9"]
[EventCountry "ISR"]
[SourceTitle "CBM 110"]
[Source "ChessBase"]
[SourceDate "2006.01.31"]
[SourceVersion "1"]
[SourceVersionDate "2006.01.31"]
[SourceQuality "1"]
[WhiteTeam "Armenia"]
[BlackTeam "Russia"]
[WhiteTeamCountry "ARM"]
[BlackTeamCountry "RUS"]

1. d4 Nf6 2. c4 g6 3. Nf3 Bg7 4. g3 c6 5. Nc3 d5 6. Qb3 O-O 7. Bg2 Qb6 8. O-O {
In this position either side refrains from exchanging queens on b3(b6), which
would open the a-file for the opponent.} Rd8 {A useful move preparing ...dxc4,
after which d8 will be an appropriate place for the rook.} 9. c5 {A logical
reaction. Other options:} (9. Qa3 $5 {needs more tests. In the only game Black
failed to equalize:} Re8 $6 (9... Bf8 $5 10. c5 Qa6) 10. cxd5 (10. Qa4 dxc4 11.
Qxc4 Be6 12. Qa4 Qa6 13. Qc2 Nd5 14. Bd2 Nd7 15. Ng5 Nxc3 16. Bxc3 Bd5 17. e4
Bc4 18. Rfd1 $14 {1-0 Fedorowicz,J-Zavadsky,P/Berkeley USA 2005/The Week in
Chess 581 (25)}) 10... cxd5 11. Bg5 Be6 12. Bxf6 Bxf6 13. e3 Nc6 14. Nd2 Rad8
15. Rfc1 Rd6 16. Nb3 $14 {1-0 Yuferov,S-Sygulski,B/Warsaw 1989/EXT 97 (32)}) (
9. cxd5 Nxd5 10. Bg5 Qxb3 11. axb3 Kf8 12. Rfc1 (12. Rfd1 {1/2-1/2 Greenfeld,
A-Nataf,I/Albufeira Algarve 1999/EXT 2000}) 12... Be6 13. Bd2 h6 14. e3 Nd7 15.
Ne1 Nxc3 16. Rxc3 g5 17. Nd3 Bf5 18. Nc5 Nxc5 19. Rxc5 Bg6 20. Bc3 e6 21. b4 a6
22. Rca5 {1/2-1/2 Nielsen,P-Radjabov,T/Tripoli 2004/CBM 102}) (9. Rd1 Bf5 {
Threatening 10...Qxb3 11.axb3 Bc2} (9... Qxb3 10. axb3 Bf5 11. Ne1 (11. cxd5
Bc2 12. Rd2 Bxb3 13. dxc6 Nxc6 14. Ra3 Be6 15. Ne5 Nd5 16. Nxd5 Bxd5 17. Bxd5
Rxd5 18. Nxc6 bxc6 19. e3 e5 20. dxe5 Rxd2 21. Bxd2 Bxe5 22. b4 Rd8 $11 {
1/2-1/2 Lalic,B-Hugentobler,P/Zuerich 1989/EXT 97 (29)}) 11... Na6 (11... Be6
$5) 12. Ra4 h6 13. Bf4 Ne4 14. cxd5 cxd5 15. f3 Nxc3 16. bxc3 g5 17. Bd2 e5 18.
e3 $14 {Portisch,L-Hort,V/Tilburg 1979/Inf 28}) 10. Qxb6 (10. Ne1 Be6 $1 11. c5
Qxb3 12. axb3 Nbd7 (12... Na6 $5 $11 {(Murey,Y)}) 13. b4 a6 14. h3 h6 $11 15.
Ra3 Ne8 16. g4 Nc7 17. Be3 g5 18. f4 gxf4 19. Bxf4 Nb5 20. Nxb5 axb5 $11 {
1/2-1/2 Anic,D-Nataf,I/Vichy 2000/CBM 079 (47)}) 10... axb6 11. cxd5 Nxd5 12.
Nxd5 cxd5 (12... Rxd5 $5) 13. Bf4 Rc8 14. Ne5 e6 15. f3 Nc6 $6 (15... f6 $1 $11
) 16. Nxc6 bxc6 17. Rd2 $14 {[%csl Rf5] 1-0 Jankovic,A-Muslic,E/Pula 2001/EXT
2002 (30)}) (9. h3 Bf5 (9... Qxb3 10. axb3 Na6 11. Be3 Ne4 12. Rfc1 Nxc3 $6 13.
bxc3 $14 {1/2-1/2 Lingnau,C-Schaefer,M/Germany 1994/GER-chT (43)}) 10. cxd5
Qxb3 11. axb3 Nxd5 12. Bg5 Na6 13. e4 Nxc3 14. bxc3 Bxe4 15. Rfe1 Bxf3 16. Bxf3
f6 17. Bf4 e5 18. dxe5 Nc5 $11 {1/2-1/2 Loginov,V-Balashov,Y/Elista 2001/CBM
083 (22)}) (9. Bf4 dxc4 10. Qxc4 Be6 11. Qd3 Na6 12. Qc2 Nb4 13. Qc1 {1/2-1/2
Greenfeld,A-Smirin,I/Haifa 1993/EXT 2000} (13. Qa4 Nbd5 14. Qa3 Nxf4 15. gxf4
Bd5 16. e3 e6 17. b3 Ne4 $15 {[%csl Ra3] 1/2-1/2 Sargissian,G-Guseinov,G/Dubai
UAE 2005/The Week in Chess 545 (41)})) (9. Qxb6 axb6 10. cxd5 Nxd5 11. Nxd5
Rxd5 12. Rd1 (12. e3 Rd8 13. Bd2 c5 14. Bc3 Nc6 15. Ne5 Nxd4 16. exd4 cxd4 17.
Bb4 Bxe5 18. Bxe7 Re8 19. Bb4 Be6 20. Rfe1 Bf6 {1/2-1/2 Kavalek,L-Ogaard,L/
Manila 1975/EXT 99}) 12... Rb5 $6 (12... Bf5 $5) 13. e4 Be6 14. a3 Bb3 15. Re1
Ra4 16. Bf1 Rba5 17. Bd2 Ra8 18. Bc3 $14 {0-1 Rogozenko,D-Donchev,D/Debrecen
1992/EU-chT (57)}) 9... Qxb3 10. axb3 Na6 (10... Ne4 $5 11. e3 (11. b4 Na6 12.
Ra4 b5 $1) (11. Bf4 $5) 11... Na6 12. Rd1 e5 13. Ne1 Nc7 14. f3 exd4 15. exd4
Nf6 $11 {1-0 Sapis,W-Svenn,G/Gothenburg 1989/EXT 97 (74)}) 11. Bf4 (11. h3 Nd7
12. Bf4 Nf8 13. Ra4 Bf5 14. Rfa1 Ne6 15. e3 Be4 16. g4 Nxf4 17. exf4 Bxf3 18.
Bxf3 Nc7 19. f5 {1/2-1/2 Tregubov,P-Vorobiov,E/Moscow 2004/CBM 100}) 11... Nd7
{To prepare ...e7-e5} (11... Bf5 12. Ra4 Ne4 13. Rfa1 Naxc5 $6 {failed to} 14.
dxc5 Bxc3 15. bxc3 Nxc3 16. Rxa7 Nxe2+ 17. Kf1 $18 {1-0 Roiz,M-Grebionkin,V/
Internet 2004/EXT 2005 (32)}) 12. Rfd1 (12. Ra3 Re8 13. Bh3 f5 14. Rc1 e5 15.
Nxe5 Nxe5 16. dxe5 h6 17. Be3 Rxe5 18. Bd4 Re8 19. e3 Bf8 20. Bf1 Nc7 21. b4
Bd7 22. f4 {1/2-1/2 Petrosian,A-Lamprecht,F/Germany 1994/EXT 99}) 12... e5 $6 {
Premature!} (12... Re8 $142 {The only way to prevent ...e7-e5 is} 13. e4 dxe4
14. Nxe4 {but Black obtains an excellent position after} Nb4 15. Nc3 Nf6 16.
Be5 Be6 17. Nd2 Red8 18. Nc4 Nbd5 19. Ra3 h5 20. Rda1 a6 $11 {0-1 Bocharov,
D-Kamsky,G/Khanty Mansyisk RUS 2005/The Week in Chess 578 (46)}) 13. Nxe5 Nxe5
14. Bxe5 Bxe5 15. dxe5 Bf5 (15... Nxc5 16. b4 $1 Ne6 17. b5 $14) 16. Ra5 (16.
e4 $5 dxe4 17. Rxd8+ Rxd8 18. Bxe4 {[%cal Ca6c5,Re4c6]} Nxc5 (18... Bxe4 19.
Nxe4 Rd4 20. Ra4 $1) 19. Bxf5 gxf5 20. Rxa7 Rd4 $132) 16... Bc2 17. Rd4 Bxb3
18. f4 $14 {Black has recaptured the pawn but his pieces are placed poorly.}
Bc4 19. e4 Nb4 $6 {A risky move! Black's minor pieces are now dangerously
hanging.} (19... Nc7 $14) 20. exd5 cxd5 21. Rd2 {A bit passive but what else
to do?} (21. Nxd5 {is inefficient due to} Nxd5 $1 (21... Bxd5 $143 22. Rxb4)
22. Rxc4 Ne3 23. Rc3 (23. Rb4 Rd1+ 24. Kf2 Ng4+ 25. Ke2 Rad8 $1) 23... Nxg2 24.
Kxg2 Rd2+ $11) (21. Rxc4 $5 dxc4 22. Bxb7 Rab8 23. c6 (23. Rb5 $6 Nd5 24. c6
Nc7 25. Rb4 Rd2 $1 26. Ne4 Re2 27. Rxc4 Rd8 $132) 23... Nxc6 24. Bxc6 Rxb2 25.
Bd5 Rc2 26. Ne4 Rb8 $44) (21. Bxd5 $5 Bxd5 (21... Nxd5 22. Rxc4 Nxc3 23. bxc3
$1 Rd1+ 24. Kg2 Rad8 25. Rxa7 R8d2+ 26. Kf3 $1 $16) 22. Rxb4 Bc6 23. Nb5 $5
Rd1+ 24. Kf2 Rd2+ 25. Ke3 Rxh2 26. Rxa7 {was probably a worthy alternative to
the game move.}) 21... a6 (21... b6 22. cxb6 axb6 23. Rxa8 Rxa8 24. Nxd5 $16)
22. Ra4 $6 {Losing an important tempo.} (22. Ra3 $142 $1 Kg7 $140 23. b3 d4 24.
Ne4 Bd5 25. Nd6 Bxg2 26. Kxg2 d3 27. Ra4 a5 28. Nxb7 $18) 22... a5 23. Ra3 Kg7
{A useful prophylactics.} 24. Na4 (24. b3 d4 $1 (24... Bd3 25. Nxd5 $1) 25. Ne4
(25. bxc4 dxc3 26. Rxd8 c2 $1) (25. Na2 $1 Nxa2 26. bxc4 $1 (26. Bxb7 Nc3 $1
27. bxc4 Nb1 28. Bxa8 Rxa8 29. Rdd3 Nxa3 30. Rxa3 f6 $1 $11) 26... Nc3 27. Rd3
Ra7 $1 28. Kf2 (28. Raxc3 $2 dxc3 29. Rxd8 c2 {- another merit of 23...Kg7})
28... a4 29. Bd5 (29. Ke1 Nb1 $1 30. Ra1 Nc3) 29... Nxd5 30. Rxd4 Ra5 31. cxd5
Rxc5 32. d6 b5 {and Black should survive.}) 25... Bd5 {that's why 23...Kg7!}
26. Nd6 Bxg2 27. Kxg2 d3 28. Nxb7 (28. Kf3 $14) 28... Rd5 $14 {[%csl Gd3]})
24... Rac8 25. Nb6 Rxc5 26. Rc3 {It looks like Black is in trouble but...} Nc6
27. b3 {What else?} (27. h3 f6 $5) 27... Rb5 28. Nxc4 (28. bxc4 Rb1+ $1 (28...
Rxb6 29. cxd5 $16) 29. Kf2 d4 $1 $11 {- the point of Black's idea!}) 28... Rc5
29. Rcd3 (29. Rxd5 $5 Rcxd5 30. Bxd5 Rxd5 31. Nd6 {wins a pawn but} Rd2 $1 (
31... Nd4 $143 $6 32. Rc7 Nb5 33. Rxf7+ (33. Ne8+ Kf8 34. Rc8 Na7 $1 (34... Ke7
35. Nf6 Rd8 36. Rc5 $16) 35. Ra8 Nc6 $14) 33... Kg8 34. Rd7 $1 Nxd6 35. exd6 b5
36. Ra7 $1 a4 (36... Rxd6 37. Rxa5 $16) 37. bxa4 bxa4 38. d7 $1 Kf8 39. d8=Q+
Rxd8 40. Rxh7 $16) 32. Nxb7 Nd4 {gives Black a good counterplay.}) 29... dxc4
30. Rxd8 Nxd8 31. bxc4 ({After} 31. Rxd8 cxb3 {the black pawns are too strong.}
) 31... Ne6 32. Bd5 Nc7 33. Bxb7 Rxc4 34. Ra2 a4 35. Kf2 f6 {A nightmare draw
- because of the inaccurate 12...e5?!} 1/2-1/2

[Event "Bundesliga 9798"]
[Site "Germany"]
[Date "1997.10.18"]
[Round "1.2"]
[White "Stohl, Igor"]
[Black "Krasenkow, Michal"]
[Result "0-1"]
[WhiteElo "2565"]
[BlackElo "2645"]
[Annotator "Krasenkow,M"]
[PlyCount "82"]
[EventDate "1997.10.18"]
[EventType "team-tourn"]
[EventRounds "15"]
[EventCountry "GER"]
[SourceTitle "CBM 062"]
[Source "ChessBase"]
[SourceDate "1998.01.31"]
[SourceVersion "1"]
[SourceVersionDate "1998.01.31"]
[SourceQuality "1"]
[WhiteTeam "Neukoelln"]
[BlackTeam "Bochum"]
[WhiteTeamCountry "GER"]
[BlackTeamCountry "GER"]

1. d4 Nf6 2. c4 g6 3. g3 c6 4. Bg2 d5 5. Qb3 Bg7 6. Nf3 O-O 7. O-O dxc4 8. Qxc4
Bf5 9. Rd1 $6 (9. Nc3 Nbd7 10. Re1 {[%cal Ye2e4]}) 9... Nbd7 10. Nc3 Bc2 $1 {
[%csl Yb3]} 11. Re1 Nb6 12. Qc5 Ne4 13. Nxe4 Bxe4 {[%csl Yd5,Ye4]} 14. Rd1 Re8
{/\15...Bf3 16.Bf3 e5. This move urges White to develop his bishop but it has
no good squares!} (14... Nd5 15. Nh4) 15. Bf4 Nd5 16. Ne5 Bxg2 17. Kxg2 Nxf4+ {
Swapping the ill-fated bishop and destroying the white pawn structure.} 18.
gxf4 e6 $36 {[%csl Rf2,Rf4,Rg2] xKg2} 19. e3 Qh4 20. h3 Bf8 21. Qc4 Red8 22.
Qe2 {Very passive.} (22. Qb3 $142 $132 {[%cal Rb3b7]}) 22... Rd5 23. Rd3 Rad8
24. Rad1 Bg7 25. R3d2 Qe7 {[%csl Re5][%cal Yg6g5] /\26...g5} 26. Nd3 Rh5 $5 {
[%cal Yh5h3,Ye7d7,Yd7d5] Black combines his kingside threats with the
activation in the centre.} 27. Ne5 f6 28. Nf3 Qd7 {[%cal Re6e5,Yd7d5] /\29...e5
} 29. Rh1 Qd5 30. b3 Qe4 31. Rhd1 (31. Qd3 $2 Qxd3 32. Rxd3 e5 $17) 31... g5
32. fxg5 Rxg5+ (32... Rd5 {was tempting but insufficient:} 33. Kh2 $1 Rf5 (
33... fxg5 34. Ng1 g4 35. f3 $1) 34. Ng1 Rhxg5 35. f4 Rg6 36. Qf3 $15) 33. Kh2
Rg6 {White will be eventually forced to exchange this rook, and the g6 pawn 
(after h7xg6) will be able to take part in the attack.} 34. Rg1 Bf8 35. Rxg6+
hxg6 {[%cal Yg6g5]} 36. Ne1 Rd5 (36... Bb4 37. Rd1 Bd6+ 38. Kg1 {/\39.Qf3}) 37.
Qd3 (37. Qf3 Bd6+ 38. Kg1 Qh4 39. Ng2 $15) 37... Bd6+ 38. f4 Qxd3 39. Nxd3 {
In the endgame the black bishop is stronger than the white knight.} e5 (39...
c5 40. Rg2 (40. dxc5 Bxc5 41. e4 Rd4 $17) 40... cxd4 41. e4 (41. Rxg6+ Kf7 42.
Rg3 dxe3 43. Rxe3 Kg6 $17) 41... Rg5 42. Rxg5 fxg5 43. e5 Be7 44. Kg3 $15) (
39... g5 40. Rf2 $15) 40. Rg2 $4 $138 {A time-trouble blunder.} (40. fxe5 fxe5
41. dxe5 Bxe5+ 42. Kg2 $15 {Black can try to combine a pawns advance on the
queenside with the attack of the h3 pawn but his success is not sure.}) 40...
exf4 41. Nxf4 Kf7 $19 (41... Kf7 42. Kg1 Bxf4 43. exf4 Rxd4 44. Rf2 (44. f5
gxf5 $19) 44... Ke6 45. Re2+ Kf5 46. Re7 Rb4 (46... Kxf4 47. Rxb7 Rd1+ 48. Kf2
Rd2+ 49. Kf1 Rxa2 50. Rc7) 47. Rg7 a5 $19 {[%csl Rf4][%cal Yb7b6]}) 0-1

[Event "Olympiad-36"]
[Site "Mallorca"]
[Date "2004.10.22"]
[Round "7"]
[White "Vaganian, Rafael A"]
[Black "Smirin, Ilia"]
[Result "1-0"]
[WhiteElo "2640"]
[BlackElo "2673"]
[Annotator "Krasenkow,M"]
[PlyCount "81"]
[EventDate "2004.10.15"]
[EventType "team-swiss"]
[EventRounds "14"]
[EventCountry "ESP"]
[SourceTitle "CBM 104"]
[Source "ChessBase"]
[SourceDate "2005.01.27"]
[SourceVersion "1"]
[SourceVersionDate "2005.01.27"]
[SourceQuality "1"]
[WhiteTeam "Armenia"]
[BlackTeam "Israel"]
[WhiteTeamCountry "ARM"]
[BlackTeamCountry "ISR"]

1. d4 Nf6 2. c4 g6 3. g3 c6 4. Nf3 Bg7 5. Bg2 d5 6. Qb3 O-O 7. O-O a5 8. Bf4 (
8. Nc3 {and}) (8. cxd5 {are played more frequently in this position.}) 8... a4
(8... dxc4 9. Qxc4 Be6 10. Qc1 Na6 11. Be5 (11. Nc3 Nb4 12. Rd1 Nbd5 13. Bh6 a4
14. Bxg7 Kxg7 15. a3 Nxc3 16. bxc3 Bd5 17. c4 Be4 18. Qb2 b5 19. Rac1 bxc4 20.
Rxc4 Rb8 $132 {1/2-1/2 Kalinitschew,S-Heinig,W/Berlin East 1988/EXT 2001 (61)})
11... Nb4 12. Nc3 Nbd5 (12... a4 $142) 13. Na4 Bc8 $6 14. Rd1 Nb6 15. Nc5 Nbd7
16. Bf4 Nd5 17. Bg5 $14 {1-0 Gutman,L-Suetin,A/Biel 1997/CBM 60 ext (69)}) 9.
Qb4 Nbd7 (9... dxc4 {is another option:} 10. Qxc4 Qb6 (10... Be6 $5 11. Qb4 {
-that's the difference from the previous line-} Ra7 $5) 11. Nc3 (11. Qc1 Bg4
12. Nbd2 Nbd7 13. h3 Bxf3 14. Nxf3 Rfe8 15. Rd1 Nd5 16. Bg5 e5 17. e4 N5f6 18.
Be3 exd4 19. Bxd4 Qc7 20. Nd2 Rad8 21. Qc2 b5 22. Rac1 c5 $1 23. Be3 Ne5 24.
Qxc5 Qxc5 25. Rxc5 Nc4 26. Rxb5 Nxe3 (26... Nxe4 27. Bxe4 Nxe3 (27... Rxe4 28.
Nf1 $1) 28. fxe3 Rxe4 29. Nxe4 Rxd1+ 30. Kf2 $16) 27. fxe3 Bh6 28. e5 (28. Kf2
Rd3 29. e5 Nd7 $14) 28... Bxe3+ 29. Kh2 Rxd2 30. Rxd2 Ng4+ 31. hxg4 Bxd2 32.
Bd5 Re7 {1/2-1/2 Vaganian,R-Zvjaginsev,V/Mainz 2004/CBM 101 ext (50)}) 11...
Be6 12. Qd3 Rd8 13. Qc2 Qa5 14. e4 Na6 15. Rfd1 Nb4 16. Qc1 Rac8 (16... a3 $5)
17. h3 b5 18. Bh6 Bh8 19. Ng5 Bd7 20. a3 Na6 21. e5 Nh5 22. g4 Ng7 23. d5 $36 {
1-0 Podgaets,M-Okhotnik,V/Kiev 1986/EXT 97 (31)}) 10. Na3 (10. c5 $5 Nh5) (10.
Nc3 $5 dxc4 11. Qxc4 Nb6) 10... dxc4 11. Qxc4 (11. Nxc4 Nd5 12. Qd2 Nxf4 13.
Qxf4 Nb6 $11 {[%csl Gg7]}) 11... Nb6 12. Qc1 Be6 {Black doesn't let the a3
knight the c4 square.} 13. Bh6 Bd5 14. Rd1 Qd6 15. Bxg7 Kxg7 16. Ne5 Bxg2 {
The other plan was to continue restricting the a3 knight:} (16... Qe6 17. Qc5 (
17. Bxd5 cxd5 18. Qc7 Rab8 {[%cal Rf8c8]} 19. Qc3 Rfc8 20. Qb4 Nbd7 $1 $13)
17... Nbd7 18. Nxd7 Nxd7 19. Bxd5 cxd5 20. Qb5 Rfc8 $13) 17. Kxg2 Rfd8 18. f3
Rac8 (18... Nfd7 $5 19. Nac4 Nxc4 20. Nxc4 Qf6 21. e4 c5 22. d5 b5 23. Ne3 {
[%cal Yf3f4,Yc1c3]}) 19. Nac4 Nxc4 20. Nxc4 Qe6 $6 {Not the best position for
the queen.} (20... Qb4 $5 21. a3 Qb5 22. e4 e6 {[%cal Yc6c5]} 23. e5 Nd5 $132 {
[%csl Gd5]}) 21. e4 b5 22. Ne3 Nxe4 $6 {A dubious piece sacrifice.} ({
Apparently, Black didn't like the position after} 22... c5 23. d5 Qe5 (23...
Qd6 24. Qc3) 24. Qc3 Qxc3 25. bxc3 {but after} e6 (25... b4 $143 26. Nc4) {
he should equalize, e.g.} 26. Rab1 exd5 (26... Rb8 $5) 27. e5 Ne8 28. Rxb5 (28.
Nxd5 Rb8) 28... d4 29. Nc4 dxc3 30. Rc1 Rd3 {etc.}) 23. fxe4 Qxe4+ 24. Kf2 Rxd4
25. Qc2 Qe5 $2 {A clear positional mistake. Black didn't want to exchange
queens against GM R.Vaganian, who is an outstanding endgame specialist;
however, with the queens on the board White's knight, which can help his
attack, is much stronger than Black's pawns; besides, White now seizes the
d-file.} (25... Qxc2+ 26. Nxc2 Rd6 (26... Rdd8 27. Rac1 $14) 27. Rxd6 exd6 28.
Nb4 (28. Rd1 d5 29. Nd4 $140 (29. Nb4 d4 $1) 29... c5 $1 30. Nxb5 Rb8 31. Nc3
Rxb2+ $132) 28... Kf6 29. Rc1 c5 30. Nd5+ Ke5 31. Nc3 Rb8 32. Re1+ Kd4 33. Re7
Kd3 $132) 26. Rxd4 Qxd4 27. Rd1 Qf6+ 28. Ke2 Qe6 29. a3 Qh3 {A harmless
invasion. The black queen can't do anything without the help of his rook.} 30.
Ke1 h5 31. Rd4 e5 $2 {This weakening move leads to a fast defeat.} (31... Qe6
$142) 32. Rd6 h4 33. Qe4 $1 Qxh2 34. Qxe5+ Kh7 (34... Kg8 35. Rxg6+ fxg6 36.
Qe6+ Kg7 37. Qd7+ $18) 35. Nf1 $1 Qh3 36. Qe7 Qf5 (36... Kg8 37. gxh4 $18) 37.
Ne3 $1 Qb1+ 38. Nd1 $1 Kg8 39. gxh4 c5 40. h5 gxh5 41. Rd5 1-0